Magic flute III

Hlavní autor: Ball, Richard
Jazyk: Čeština
Vydáno: Praha : Multisonic, p1995
Témata:
Fyzický popis: 1 CD ; 12 cm + 1 složený list [4 s.].
Zvukové nahrávky
Uloženo v:
LEADER 01307njm a2200445 a 4500
001 000151948
003 CZ BrMZK
005 20040701160159.0
008 010907s1995 xr f cze d
028 0 1 |a 31 0358-2 331  |b Multisonic 
040 |a BOA001  |b cze 
080 |a 788.5(086.7)  |2 MRF 
100 1 |a Ball, Richard  |7 xx0065689  |4 prf 
245 1 0 |a Magic flute III  |h [zvukový záznam] /  |c Richard Ball. 
246 3 3 |a Shadows 
246 3 3 |a Stop all wars 
246 3 3 |a Winterwind 
246 3 3 |a Bond of friendschip 
246 3 3 |a Charly 
246 3 3 |a Classical bonus 
246 3 3 |a Colors of Brasil 
246 3 3 |a Dancando lambadinha 
246 3 3 |a Decision 
246 3 3 |a Laura 
246 3 3 |a Milonga emperada 
246 3 3 |a Mothers Lullaby 
246 3 3 |a Nazca lines 
246 3 3 |a Pan - blues 
260 |a Praha :  |b Multisonic,  |c p1995 
300 |a 1 CD ;  |c 12 cm +  |e 1 složený list [4 s.]. 
306 |a 004310 
500 |a Durata 43:10 
500 |a Nahr. neuv 
505 2 |a Winterwind, Mothers Lullaby , Decision...[et al.] 
511 0 |a Richard Ball, panova flétna 
653 0 |a Panova flétna 
910 |a BOA001  |b CD-0003.975 
964 |a Flétna Panova  |x CD 
990 |a AV 
996 6 |b 261H004014  |c CD-0003.975  |l MZK  |r Sklad / do 24 hodin  |n 0  |p p.v.  |w 000151948  |u 000010  |a 1  |e BOA001  |j MZK50  |s P